Δήμοι της Ελλάδας που Αρχίζουν από Χ - Statistics

General Stats
  • This quiz has been taken 6 times
  • The average score is 5 of 8
Answer Stats
Δήμος % Correct
Χαλκιδέων
100%
Χανίων
83%
Χίου
83%
Χαλανδρίου
67%
Χάλκης
67%
Χαϊδαρίου
50%
Χαλκηδόνος
50%
Χερσονήσου
33%
No matching quizzes found
Score Distribution
Percent of People with Each Score
Percentile by Number Answered
Your Score History
You have not taken this quiz